| 000 | 02246nam a2200529Ii 4500 | ||
|---|---|---|---|
| 001 | DIGBONART0246 | ||
| 003 | NyNyDIG | ||
| 007 | cr ||||||||||| | ||
| 008 | 220317s2020 mx a ob 000 0 spa d | ||
| 006 | m o d | ||
| 035 | _a(OCoLC)1319854532 | ||
| 040 |
_aDGITA _beng _erda _epn _cDGITA |
||
| 020 |
_z9786078636686 _qBonilla Artigas Editores |
||
| 020 |
_z9786072818071 _qUAM Xochimilco |
||
| 043 |
_aae----- _ap------ _acl----- |
||
| 050 | 1 | 4 | _aDS518.14 ebook |
| 245 | 0 | 0 |
_aAsia-Pacífico : _bpoder y prosperidad en la era de la desglobalización / _cEduardo Tzili Apango, José Luis León Manríquez, Graciela Pérez-Gavilán Rojas (editores). |
| 264 | 1 |
_aCiudad de México : _bBonilla Artigas Editores : _bUniversidad Autónoma Metropolitana, Unidad Xochimilco, _c[2020] |
|
| 300 |
_a1 online resource : _billustrations. |
||
| 336 |
_atext _btxt _2rdacontent |
||
| 337 |
_acomputer _bc _2rdamedia |
||
| 338 |
_aonline resource _bcr _2rdacarrier |
||
| 347 |
_atext file _2rdaft |
||
| 347 | _bPDF | ||
| 490 | 1 |
_aPúblicasocial ; _v35 |
|
| 504 | _aIncludes bibliographical references. | ||
| 588 | 0 | _aOnline resource; title from PDF title page (Digitalia, viewed March 17, 2022) | |
| 650 | 0 |
_aRegionalism _zPacific Area. |
|
| 650 | 0 |
_aRegionalism _zEast Asia. |
|
| 651 | 0 |
_aEast Asia _xRelations. |
|
| 651 | 0 |
_aPacific Area _xRelations. |
|
| 651 | 0 |
_aLatin America _xRelations _zEast Asia. |
|
| 651 | 0 |
_aEast Asia _xRelations _zLatin America. |
|
| 651 | 0 |
_aLatin America _xRelations _zPacific Area. |
|
| 651 | 0 |
_aPacific Area _xRelations _zLatin America. |
|
| 655 | 0 | _aElectronic books. | |
| 700 | 1 |
_aTzili Apango, Eduardo, _eeditor. |
|
| 700 | 1 |
_aLeón, José Luis, _eeditor. |
|
| 700 | 1 |
_aPérez Gavilán, Graciela, _eeditor. |
|
| 791 | 2 |
_aDigitalia (Firm), _edistributor. |
|
| 793 | 0 |
_gDigitalia eBook Collection: _aBonilla Artigas Editores |
|
| 776 | 0 | 8 |
_iPrint version: _tAsia-Pacífico. _bPrimera edición. _dCiudad de México : Bonilla Artigas Editores : Universidad Autónoma Metropolitana, Unidad Xochimilco, [2020] _z9786078636686 |
| 830 | 0 |
_aPública social ; _v35. |
|
| 856 | 4 | 0 |
_3Digitalia Hispánica _uhttps://www.digitaliapublishing.com/a/110253/ |
| 910 | _aPremium collection: 2022 | ||
| 942 | _cRAA | ||
| 999 |
_c272628 _d272628 |
||